Polscy ćwierćfinaliści turniejów wielkoszlemowych - Statystyki

Ogólne statystyki
  • Ten quiz został rozwiązany 27 razy
  • Średni wynik to 6 z 7
Statystyki odpowiedzi
Rok Płeć Odpowiedź % Poprawnych
2020 K Iga Świątek
100%
2008 K Agnieszka Radwańska
96%
2021 M Hubert Hurkacz
96%
2013 M Jerzy Janowicz
85%
2013 M Łukasz Kubot
78%
2023 K Magda Linette
78%
1977 M Wojciech Fibak
78%
Nie znaleziono quizów pasujących do podanych kryteriów
Rozkład punktacji
Procent ludzi z każdym wynikiem
Percentyl według liczby udzielonych odpowiedzi
Twoja historia wyników
Nie rozwiązałeś tego quizu